00406ntaaa2200133 45000030003000000050017000030080021000200400037000410820018000781000019000962450123001152500019002386500015002570120251027201553.00714s1973 ag 01  aAR-BaBNbspacAR-BaBNeaacrdRIC a230.0000 D114 aDabney, R. L.  aSyllabus and Notes of the Course of Systematic and Polemic Theology Taught in the Union Theological Seminary, Virginia a1 ed., cc1871 aTeología